Prc̀tica Forense Acciones Protectoras y Limitaciones al Dominio /

Bibliographic Details
Main Author: Chv̀ez Chv̀ez, Eric Andrš
Format: eBook
Language:Spanish
Published: Santiago de Chile: Editorial Juridica Aremi, 2018
Subjects:
Online Access:Acceso restringido

MARC

LEADER 00000nam a22000007a 4500
005 2018071302542.0
007 cr|||| ||||
008 180713s2018 cl |||||s|||| 00||0 spa d
035 |a 21842 
040 |a vLex 
090 |c 8034  |d 8034 
100 1 |a Chv̀ez Chv̀ez, Eric Andrš 
245 1 0 |a Prc̀tica Forense  |h [Recurso electrn̤ico] :  |b Acciones Protectoras y Limitaciones al Dominio /  |c Eric Andrš Chv̀ez Chv̀ez 
256 |a Servicio en ln̕ea 
260 |a Santiago de Chile:  |b Editorial Juridica Aremi,  |c 2018 
300 |a 1 recurso electrn̤ico (178 p.) 
506 1 |a Disponible solo en los productos indicados  |d vLex Global  |d vLex Global (Academic Edition, excluding Law Schools)  |d vLex Global (U.S. Academic Edition, Law Schools)  |d vLex Global (U.S. Academic Edition, excluding Law Schools)  |d vLex Global (Academic Edition, Law Schools) 
650 0 4 |a Abogados  |z Chile 
650 0 4 |a Derecho Procesal  |z Chile 
740 0 |a vLex Libros (Servicio en ln̕ea) 
856 4 0 |u http://vlex.com/source/practica-forense-acciones-protectoras-limitaciones-dominio-21842  |z Acceso restringido 
942 |c BOOK 
999 0 |a Lawyers 
999 0 |a Procedural Law